Fr. Conceicao Rodrigues College of Engineering

Welding Principles for Engineers (Record no. 21441)

MARC details
000 -LEADER
fixed length control field 00298nam a2200133Ia 4500
082 ## - DEWEY DECIMAL CLASSIFICATION NUMBER
Classification number 671.52
100 ## - MAIN ENTRY--PERSONAL NAME
Personal name Morris/J.L
245 ## - TITLE STATEMENT
Title Welding Principles for Engineers
260 ## - PUBLICATION, DISTRIBUTION, ETC.
Name of publisher, distributor, etc. Prentice Hall of India
Place of publication, distribution, etc. NewJersey
Date of publication, distribution, etc. 1964
300 ## - PHYSICAL DESCRIPTION
Extent 511
546 ## - LANGUAGE NOTE
Language note ENGLISH
654 ## - SUBJECT ADDED ENTRY--FACETED TOPICAL TERMS
Focus term Welding
942 ## - ADDED ENTRY ELEMENTS (KOHA)
Koha item type BOOK
Holdings
Withdrawn status Lost status Damaged status Not for loan Collection Home library Current library Date acquired Cost, normal purchase price Inventory number Total Checkouts Full call number Barcode Date last seen Cost, replacement price Price effective from Koha item type
        AFT Fr. Agnel's C.Rodrigues College of Engineering Fr. Agnel's C.Rodrigues College of Engineering 17/03/2023 125.62 GBC:121   671.52 AFT1885 17/03/2023 125.62 17/03/2023 BOOK